Land Economics

Na minha lista:
Detalhes bibliográficos
Formato: Periódico
Idioma:inglês
Publicado em: Madison University of Wisconsin Press 1995
Assuntos:
Tags: Adicionar Tag
Sem tags, seja o primeiro a adicionar uma tag!

MARC

LEADER 00000nas2a2200000 4500
001 s102370
005 20240109100602.1
022 |a 0023-7639 
041 0 |a eng 
044 |a US 
245 1 0 |a Land Economics 
264 1 |a Madison  |b University of Wisconsin Press  |c 1995 
300 |a 1 zv. 
773 0 |w eu_un_cat*s120161 
610 2 0 |a politika regionálna 
610 2 0 |a teórie rozvoja oblastného